000 00327nam a22001457a 4500
008 210311b ||||| |||| 00| 0 eng d
020 _a9781337709200
041 _aeng
080 _a541
082 _a541
100 _a12
101 _aKIM
245 _aChemistry and Chemical Reactivity
_cSempertegui, T
942 _2udc
_cBK
999 _c56447
_d56447